000 00422nam a2200157Ia 4500
005 20250612013922.0
008 240331s9999 xx 000 0 und d
020 _a95590290503
082 _bNAR
_a322
100 _aNarayan Swami, M.R
245 0 _aLanka koti :
_bkolu kuruttan garillan wuu hati
260 _aColombo
_bLake House Publication
_c1996
300 _a496 p .,
500 _aA book on Lankan Tigers
942 _cL
999 _c2380
_d2380